Enjoy your English reading = Vui học Anh ngữ

Saved in:
Bibliographic Details
Main Author: Hoàng, Văn Cang
Format: Book
Language:Undetermined
Published: Thanh Hoá Nhà xuất bản Thanh Hoá 2005
Subjects:
Tags: Add Tag
No Tags, Be the first to tag this record!
Institutions: Trung tâm Học liệu Trường Đại học Cần Thơ
LEADER 00602nam a2200205Ia 4500
001 CTU_112961
008 210402s9999 xx 000 0 und d
020 |c 28000 
082 |a 428.4 
082 |b C106/T.3 
100 |a Hoàng, Văn Cang 
245 0 |a Enjoy your English reading = 
245 0 |b Vui học Anh ngữ 
245 0 |c Hoàng Văn Cang , Hữu Nguyên , Lê Quang Toản 
260 |a Thanh Hoá 
260 |b Nhà xuất bản Thanh Hoá 
260 |c 2005 
650 |a Readers,Reading 
904 |i Hiếu 
980 |a Trung tâm Học liệu Trường Đại học Cần Thơ